000 00793cam a2200265 4500
008 000000n2000 000 0 eng u
020 _a0419254307
035 _a(Sirsi) u101170
041 _aeng
050 _a692.5
245 _aSpon's mechanical and electrical services price book 2000
250 _a31st
260 _aLondon
_b E & F N Spon
_c2000
300 _axviii,545p. 24cm.
350 _a80.00
520 _aEdited by Davis Langdon & Everst Chartered Quantity Surveyors.
650 _aBUILT ENVIRONMENT-BUILDING COSTS
650 _aBlock management
_96220
650 _aELECTRICAL SERVICES
650 _aLABOUR COSTS
650 _aMECHANICAL AND ELECTRICAL SERVICES
650 _aBUILDING PRICE BOOKS
690 _aBUILT ENVIRONMENT-BUILDING COSTS
942 _n0
999 _c100031
_d100031